000 00446nam a2200193Ia 4500
005 20240823024818.0
008 240823s9999||||xx |||||||||||||| ||und||
020 _a81-8094-017-9
041 _aENGLISH
082 _A576.64 P7
100 _aSaravanan P
245 0 _aVirology
250 _a1st
260 _c2007
_b"MJP Publishers,Ch"
_aChennai
500 _aYES
650 _aVirology
_bBio Medical Engg.
942 _cBK
999 _c184808
_d184808